Symbióza železnice a reliéfu

Počiatky železničnej dopravy vo svete. Vplyv reliéfu krajiny na formovanie podoby železníc. Dejiny železničného staviteľstva a predmet ochrany v rámci UNESCO. Gravitačné železnice. Permafrost a železnice.

Gespeichert in:
Bibliographische Detailangaben
1. Verfasser: Křížek, Marek
Format: Buchkapitel
Sprache:Tschechisch
Schlagworte:
Tags: Tag hinzufügen
Keine Tags, Fügen Sie das erste Tag hinzu!

MARC

LEADER 00000naa a2200000 4500
001 0282036
005 20240417075154.6
041 0 |a cze 
044 |a CZ 
245 1 0 |a Symbióza železnice a reliéfu  |c Marek Křížek 
520 |a Počiatky železničnej dopravy vo svete. Vplyv reliéfu krajiny na formovanie podoby železníc. Dejiny železničného staviteľstva a predmet ochrany v rámci UNESCO. Gravitačné železnice. Permafrost a železnice. 
610 2 0 |a doprava železničná 
610 2 0 |a železnice 
610 2 0 |a história 
610 2 0 |a staviteľstvo železničné 
100 1 |a Křížek, Marek